| 000 | 01535nam a2200277Ia 4500 | ||
|---|---|---|---|
| 999 |
_c39830 _d39830 |
||
| 001 | 6435 | ||
| 003 | GE_BSU | ||
| 005 | 20191128125503.0 | ||
| 008 | 181216s2008||||ge |||||||||||||| ||geo|| | ||
| 020 | _a9789941402791 | ||
| 040 | _cGE_BSU | ||
| 041 | _ageo | ||
| 080 | _a51(075.3) გ-15 | ||
| 100 |
_aგოგიშვილი, გურამ _95601 |
||
| 245 |
_aგავიმეოროთ მათემატიკა : _bნ.1. წიგნი აბიტურიენტებისთვის და მათემატიკის მასწავლებლებისთვის/ _cგურამ გოგიშვილი, თეიმურაზ ვეფხვაძე, ია მებონია, ლამარა ქურჩიშვილი. |
||
| 264 |
_aთბილისი : _bინტელექტი, _c2008. |
||
| 300 |
_a413 გვ. ; _b28 სმ. |
||
| 653 | _aმათემატიკა | ||
| 653 | _aმეთოდური სახელმძღვანელოები | ||
| 653 | _aსახელმძღვანელოები აბიტურიენტებისათვის | ||
| 700 |
_aგოგიშვილი, გურამ _eავტორი _95601 |
||
| 700 |
_aვეფხვაძე, თეიმურაზ _eავტორი _95602 |
||
| 700 |
_aმებონია, ია _eავტორი _95603 |
||
| 700 |
_aქურჩიშვილი, ლამარა _eავტორი _95604 |
||
| 942 |
_cBK _2udc |
||